| Tag |
First Indicator |
Second Indicator |
Subfields |
| LEADER |
00000cam a22000004a 4500 |
| 001 |
in00002037021 |
| 005 |
20220105142538.0 |
| 006 |
m d |
| 007 |
cr cnu---unuuu |
| 008 |
040822s2002 enk sb 001 0 eng d |
| 020 |
|
|
|a 0203426118 (electronic bk.)
|
| 035 |
|
|
|a (OCoLC)ocm56330961
|
| 040 |
|
|
|a N$T
|c N$T
|d UtOrBLW
|
| 049 |
|
|
|a IICN
|
| 050 |
1 |
4 |
|a PN212
|b .R55 2002eb
|
| 082 |
0 |
4 |
|a 808.3
|2 22
|
| 100 |
1 |
|
|a Rimmon-Kenan, Shlomith.
|0 http://id.loc.gov/authorities/names/n80049947
|
| 245 |
1 |
0 |
|a Narrative fiction :
|b contemporary poetics /
|c Shlomith Rimmon-Kenan.
|
| 250 |
|
|
|a 2nd ed.
|
| 264 |
|
1 |
|a London ;
|a New York :
|b Routledge,
|c 2002.
|
| 300 |
|
|
|a x, 192 pages ;
|c 20 cm.
|
| 336 |
|
|
|a text
|b txt
|2 rdacontent
|
| 337 |
|
|
|a computer
|b c
|2 rdamedia
|
| 338 |
|
|
|a online resource
|b cr
|2 rdacarrier
|
| 490 |
1 |
|
|a New accents
|
| 504 |
|
|
|a Includes bibliographical references (pages [161]-181) and index.
|
| 533 |
|
|
|a Electronic reproduction.
|b Boulder, Colo. :
|c NetLibrary,
|d 2004.
|n Available via World Wide Web.
|n Access may be limited to NetLibrary affiliated libraries.
|n "This edition published in the Taylor & Francis e-Library, 2004".
|
| 500 |
|
|
|a Electronic resource.
|
| 650 |
|
0 |
|a Narration (Rhetoric)
|0 http://id.loc.gov/authorities/subjects/sh85089833
|
| 655 |
|
7 |
|a Electronic books.
|2 local
|
| 710 |
2 |
|
|a NetLibrary, Inc.
|0 http://id.loc.gov/authorities/names/no99080690
|
| 776 |
1 |
|
|c Original
|z 0415280214
|z 0415280222
|w (DLC) 2002069784
|w (OCoLC)49640744
|
| 830 |
|
0 |
|a New accents (Routledge (Firm))
|0 http://id.loc.gov/authorities/names/n86729850
|
| 856 |
4 |
1 |
|u https://proxy.library.tamu.edu/login?url=http://www.netLibrary.com/urlapi.asp?action=summary&v=1&bookid=102885
|z Connect to the full text of this electronic book
|t 0
|
| 994 |
|
|
|a 92
|b IIC
|
| 999 |
|
|
|a MARS
|
| 999 |
f |
f |
|s cf993a7e-5398-345a-9d4e-da0b2e5f0d2f
|i 72044788-48c4-3f31-921d-f3631cb8189e
|t 0
|
| 952 |
f |
f |
|a Texas A&M University
|b College Station
|c Electronic Resources
|d Available Online
|t 0
|e PN212 .R55 2002eb
|h Library of Congress classification
|
| 998 |
f |
f |
|a PN212 .R55 2002eb
|t 0
|l Available Online
|